| 000 | 00996nam a2200301 a 4500 | ||
|---|---|---|---|
| 001 | 42937 | ||
| 003 | BD-RjUL | ||
| 005 | 20211209053623.0 | ||
| 008 | 160618s1971 nyua b 001 0 eng | ||
| 020 | _a0471630705 | ||
| 035 | _a(BD-RjUL)43055 | ||
| 035 | _a1140287 | ||
| 040 |
_aLC _beng _cLC _dABN-SNR |
||
| 041 | _aeng | ||
| 082 | 0 | 4 |
_a330.0724 _219 _bNAC 1971 |
| 100 | 1 |
_aNaylor, Thomas H., _d1936- _9131867 |
|
| 245 | 1 | 0 |
_aComputer simulation experiments with models of economic systems / _c[by] Thomas H. Naylor. With contributions by: James M. Boughton [and others]. |
| 260 |
_aNew York : _bWiley, _c1971 |
||
| 300 |
_axviii, 502 p. : _billus.; _c24 cm. |
||
| 504 | _aIncludes bibliographies. | ||
| 650 | 0 |
_aEconomics _xMathematical models. _9131868 |
|
| 650 | 0 |
_aIndustrial management _xMathematical models. _9131027 |
|
| 650 | 0 |
_aDigital computer simulation. _9119404 |
|
| 700 | 1 |
_aBoughton, James M. _9131869 |
|
| 942 |
_2ddc _cBK |
||
| 999 |
_c42937 _d42937 |
||